| 000 | 00351nam a2200145Ia 4500 | ||
|---|---|---|---|
| 008 | 150201s2002 xx 000 0 und d | ||
| 082 |
_a618.92 _bR02G |
||
| 100 | _aGUPTE, S. | ||
| 245 | _aRECENT ADVANCES : COMMUNITY PEDIATRICS | ||
| 250 | _a1ST | ||
| 260 |
_bJAYPEE BROTHERS _aDELHI _c2002 |
||
| 300 | _a1-571 | ||
| 650 | _aPAEDIATRICS | ||
| 942 |
_2ddc _cBK |
||
| 999 |
_c72 _d72 |
||